| 000 | 00472nam a2200181Ia 4500 | ||
|---|---|---|---|
| 008 | 180207s9999 xx 000 0 und d | ||
| 020 | _a9780786841559 | ||
| 050 | _bW555 1996 | ||
| 245 | _aWhat if Cruella de Vil was your lunch lady? / | ||
| 245 | _cillustrated by Sparky Moore. | ||
| 260 | _aNew York : | ||
| 260 | _bDisney Press, | ||
| 260 | _c1996 | ||
| 300 | _aunpaged : | ||
| 300 | _billustrations ; | ||
| 300 | _c23cm. | ||
| 440 | _aDisney's 101 dalmatians. | ||
| 999 |
_c355776 _d355776 |
||